| 000 | 03016nam a2200361 a 4500 | ||
|---|---|---|---|
| 001 | 60051 | ||
| 003 | BD-RjUL | ||
| 005 | 20211209080811.0 | ||
| 008 | 161228s2000 enka 001 0 eng d | ||
| 020 |
_a0761993584 _cNo price |
||
| 020 | _a8170368251 (India) | ||
| 035 | _aBD-RjUL60175 | ||
| 035 | _a389976 | ||
| 040 |
_aDLC _beng _cDLC _dUk _dDLC _dANL |
||
| 041 | _aeng | ||
| 082 | 0 |
_a365 _221 _bPUN 2000 |
|
| 245 | 0 | 0 |
_aPunishment and the prison : _bIndian and international perspectives / _ceditor, Rani Dhavan Shankardass. |
| 260 |
_aNew Delhi ; _aLondon : _bSage Publications, _c2000. |
||
| 300 |
_a497 p. : _bill. ; _c23 cm. |
||
| 504 | _aIncludes bibliographical references and index. | ||
| 505 | 0 | 0 | _aMachine derived contents note: Foreword - M N Venkatachaliah -- Introduction - Rani Dhavan Shankardass -- The Problems and Paradoxes of Punishment -- Part One: Description And Prescription -- Justice in Prison - V R Krishna Iyer -- Remedial Jurisprudence and Versatile Criminology -- Prisons in a Modern Society - Andrew Coyle -- Reality and Reform in Tihar Central Jail - Sarita Sarangi -- Prison Administration in India - Hira Singh -- Contemporary Issues -- Punishment in Unequal Justice - Alvin J Bronstein -- America's Prison Industry -- The Proper Use of Imprisonment - Rod Morgan -- Prison as Seen by an English Judge - Henry Brooke -- Sentencing - Rajindar Sachar -- Choices and Dilemmas for a Judge -- The Problem of Undertrials - I - Pushpa Kapila Hingorani -- Hussainara Khatoon and Public Interest Litigation -- The Problem of Undertrials - II - Mukul Mudgal -- Kadriya Pahadiya and Juvenile Justice -- Police, Crime and Punishment - Vijay Karan and Ved Marwah -- Indian Predicaments -- Exploring Non-Custodial Punishments - Paddington Garwe and Andrew Msengezi -- Zimbabwe's Community Service Scheme -- Part Two: Discourse And Analysis -- Kill Them for Their Bad Verses - Rajeev Dhavan -- On Criminal Law and Punishment in India -- Bringing Judas to the Last Supper? The Tasks of Republican Criminology in Service of Globalization - Upendra Baxi -- Political Prisoners and the Prison System - Ujjwal Kumar Singh -- Colonial Purposes and Praxiological Problems -- Women, Crime and Jail Justice - Rani Dhavan Shankardass -- Theoretical Formulations and Indian Realities -- Alternatives to Prisons - Vivien Stern -- Reflections and Experiences -- Conclusion - Rani Dhavan Shankardass -- The Punishment of Crime or the Crime of Punishment. |
| 650 | 0 |
_aPrisons _zIndia. _9178704 |
|
| 650 | 0 |
_aPrisons. _9178705 |
|
| 650 | 0 |
_aPrison administration _zIndia. _9178706 |
|
| 650 | 0 |
_aPrison administration. _9178707 |
|
| 650 | 0 |
_aPunishment _zIndia. _9178708 |
|
| 650 | 0 |
_aPunishment. _9178709 |
|
| 700 | 1 |
_aShankardass, Rani Dhavan. _9178710 |
|
| 856 | 4 | 2 |
_3Publisher description _uhttp://www.loc.gov/catdir/enhancements/fy0657/99023262-d.html |
| 856 | 4 | 1 |
_3Table of contents only _uhttp://www.loc.gov/catdir/enhancements/fy0657/99023262-t.html |
| 942 |
_2ddc _cBK |
||
| 999 |
_c60051 _d60051 |
||